000 00392cam a2200169 4500
001 D12792
008 090401t1936 xxu||||| |||| 00| 0 eng d
035 _a(Sirsi) u5805
041 _aeng
100 _aGardiner, E.J.O.
245 _aPrivate street works
260 _bSolicitors Law Stationery Society
_c1936
350 _a0
520 _aShelf 181
942 _n0
948 _c04/03/1997
999 _c86214
_d86214